|
|
|
|
| LEADER |
01595nam a2200421 a 4500 |
| 001 |
000666332 |
| 003 |
CZ BrMZK |
| 005 |
20100602080312.0 |
| 007 |
ta |
| 008 |
030414s2003 xr a e f 000 0 cze d |
| 015 |
|
|
|a cnb001240035
|
| 020 |
|
|
|a 80-247-0450-1
|
| 035 |
|
|
|a (OCoLC)53270866
|
| 040 |
|
|
|a PNA001
|b cze
|d BOA001
|
| 041 |
1 |
|
|a cze
|h eng
|
| 072 |
|
7 |
|a 004.4/.6
|x Programování. Software
|2 Konspekt
|9 23
|
| 080 |
|
|
|a 004.42.NET Framework
|2 MRF
|
| 080 |
|
|
|a 004.42
|2 MRF
|
| 080 |
|
|
|a (035)
|2 MRF
|
| 100 |
1 |
|
|a Richter, Jeffrey,
|d 1964-
|7 mzk2003175308
|4 aut
|
| 245 |
1 |
0 |
|a .NET Framework programování aplikací /
|c Jeffrey Richter ; [přeložil Jiří Hynek]
|
| 246 |
3 |
3 |
|a NET Framework programování aplikací
|
| 250 |
|
|
|a 1. vyd.
|
| 260 |
|
|
|a Praha :
|b Grada,
|c 2003
|
| 300 |
|
|
|a 552 s. :
|b il. ;
|c 23 cm
|
| 490 |
1 |
|
|a Moderní programování
|
| 500 |
|
|
|a Přeloženo z angličtiny
|
| 504 |
|
|
|a Obsahuje rejstřík
|
| 650 |
0 |
7 |
|a Microsoft .NET Framework
|7 ph180738
|2 czenas
|
| 650 |
0 |
7 |
|a programování
|7 ph115891
|2 czenas
|
| 655 |
|
7 |
|a příručky
|7 fd133209
|2 czenas
|
| 765 |
0 |
|
|t Applied Microsoft .NET Framework programming
|9 Česky
|
| 830 |
|
0 |
|a Moderní programování
|0 s
|
| 856 |
4 |
1 |
|u http://www.digitalniknihovna.cz/mzk/uuid/uuid:44b84850-657e-11e4-b42a-005056827e52
|y Digitalizovaný dokument
|x NDK
|
| 910 |
|
|
|a BOA001
|b 2-1117.196
|
| 990 |
|
|
|a BK
|
| 996 |
6 |
|
|b 2610186533
|c 2-1117.196
|l MZK
|r Sklad / do 1 hodiny
|n 1
|p p.v.
|w 000666332
|u 000010
|a 1
|e BOA001
|j MZK50
|s P
|
| 996 |
7 |
|
|b 2610759058
|c 2-1117.196
|l MZK
|r Sklad / do 1 hodiny
|n 0
|p dar
|w 000666332
|u 000030
|a 1
|e BOA001
|j MZK50
|s A
|